Проведение патентного поиска при определении уровня развития отрасли (Запись № 6262988)

Подробности
000 -МАРКЕР
контрольное поле 01042nam0a22002771 4500
001 - ИДЕНТИФИКАТОР ЗАПИСИ
контрольное поле rc\1037910
005 - ИДЕНТИФИКАТОР ВЕРСИИ
контрольное поле 20041129103231.3
035 ## - ДРУГИЕ СИСТЕМНЫЕ НОМЕРА
Идентификатор записи (NLR Aleph) 006200588
100 ## - ДАННЫЕ ОБЩЕЙ ОБРАБОТКИ
Данные общей обработки 20041129d1981 u |0rusy50 ca
101 0# - ЯЗЫК РЕСУРСА
Язык текста, звукозаписи и т.д. русский
102 ## - СТРАНА ПУБЛИКАЦИИ ИЛИ ПРОИЗВОДСТВА
Страна публикации Российская Федерация
105 ## - ПОЛЕ КОДИРОВАННЫХ ДАННЫХ: ТЕКСТОВЫЕ МАТЕРИАЛЫ, МОНОГРАФИЧЕСКИЕ
Кодированные данные о монографическом текстовом документе y |||||||||
200 1# - ЗАГЛАВИЕ И СВЕДЕНИЯ ОБ ОТВЕТСТВЕННОСТИ
Основное заглавие Проведение патентного поиска при определении уровня развития отрасли
210 ## - ПУБЛИКАЦИЯ, РАСПРОСТРАНЕНИЕ И ДР.
Место издания, распространения и т.д. Киев
Имя издателя, распространителя и т. д. О-во "Знание" УССР
Дата издания, распространения и т.д. 1981
215 ## - ФИЗИЧЕСКАЯ ХАРАКТЕРИСТИКА
Специфическое обозначение материала и объем 22 с.
Размеры 20
300 ## - ОБЩИЕ ПРИМЕЧАНИЯ
Текст примечания В вып. дан. 2-й авт.: Генриетта Владимировна Дручок
300 ## - ОБЩИЕ ПРИМЕЧАНИЯ
Текст примечания В надзаг.: О-во "Знание" УССР
320 ## - ПРИМЕЧАНИЯ О НАЛИЧИИ В ДОКУМЕНТЕ БИБЛИОГРАФИИ / УКАЗАТЕЛЯ
Текст примечания Библиогр.: с. 22 (11 назв.)
700 #1 - ИМЯ ЛИЦА - ПЕРВИЧНАЯ ОТВЕТСТВЕННОСТЬ
Начальный элемент ввода Гавриленко
Часть имени, кроме начального элемента ввода А. П.
Расширение инициалов личного имени Александр Петрович
701 #1 - ИМЯ ЛИЦА - АЛЬТЕРНАТИВНАЯ ОТВЕТСТВЕННОСТЬ
Начальный элемент ввода Дручок
Часть имени, кроме начального элемента ввода Г. В.
Расширение инициалов личного имени Генриэтта Владимировна
801 #0 - ИСТОЧНИК ЗАПИСИ
Страна Российская Федерация
Организация NLR
Правила каталогизации psbo
801 #1 - ИСТОЧНИК ЗАПИСИ
Страна Российская Федерация
Организация ELAR
Источник данных rusmarc
852 ## - МЕСТОНАХОЖДЕНИЕ И ШИФР ХРАНЕНИЯ
Идентификатор организации NLR
Шифр хранения (Call Number) 82-4/18239
942 ## - ДОПОЛНИТЕЛЬНЫЕ ЭЛЕМЕНТЫ ЗАПИСИ (АБИС)
Тип экземпляра АБИС Книга
980 ## - КОЛЛЕКЦИЯ
Название коллекции Национальная библиография
Экземпляры
Тип экземпляра Дата поступления Библиотека постоянного хранения Библиотека текущего хранения Место хранения Шифр хранения Штрих-код Статус экземпляра
Книга 26.10.2013 РНБ (Московский) РНБ (Московский) Русский книжный фонд: издания с 1957 года 82-4/18239 6200588-10